Philippine tourism laws : (Record no. 3765)

MARC details
000 -LEADER
fixed length control field 00878nam a22002297a 4500
003 - CONTROL NUMBER IDENTIFIER
control field OSt
005 - DATE AND TIME OF LATEST TRANSACTION
control field 20250718061752.0
008 - FIXED-LENGTH DATA ELEMENTS--GENERAL INFORMATION
fixed length control field 250718b |||||||| |||| 00| 0 eng d
020 ## - INTERNATIONAL STANDARD BOOK NUMBER
International Standard Book Number 9789712367250
040 ## - CATALOGING SOURCE
Original cataloging agency DWCL-Main lib
Transcribing agency OC
082 ## - DEWEY DECIMAL CLASSIFICATION NUMBER
Classification number Fil. 343.599 C116p 2014
100 ## - MAIN ENTRY--PERSONAL NAME
Personal name Cabulay, Danny Araneta
245 ## - TITLE STATEMENT
Title Philippine tourism laws :
Remainder of title a comprehensive guide to studying laws relevant to the Philippine Tourism Industry/
Statement of responsibility, etc. Danny Araneta Cabulay
250 ## - EDITION STATEMENT
Edition statement Second edition
260 ## - PUBLICATION, DISTRIBUTION, ETC.
Place of publication, distribution, etc. Manila :
Name of publisher, distributor, etc. Rex Book Store,
Date of publication, distribution, etc. c2014.
300 ## - PHYSICAL DESCRIPTION
Extent xii, 397 pages ;
Dimensions 25 cm.
504 ## - BIBLIOGRAPHY, ETC. NOTE
Bibliography, etc. note Includes bibliographical references
650 ## - SUBJECT ADDED ENTRY--TOPICAL TERM
Topical term or geographic name entry element 1. Hotels--Law and legislation--Philippines.
650 ## - SUBJECT ADDED ENTRY--TOPICAL TERM
Topical term or geographic name entry element 2. Tourism--Law and legislation--Philippines.
650 ## - SUBJECT ADDED ENTRY--TOPICAL TERM
Topical term or geographic name entry element 3. Travel and tours--Law and legislation--Philippines.
942 ## - ADDED ENTRY ELEMENTS (KOHA)
Source of classification or shelving scheme Dewey Decimal Classification
Koha item type Book-Filipiniana
Edition Second edition
Call number prefix Fil.
Suppress in OPAC No
952 ## - LOCATION AND ITEM INFORMATION (KOHA)
--
952 ## - LOCATION AND ITEM INFORMATION (KOHA)
--
952 ## - LOCATION AND ITEM INFORMATION (KOHA)
--
Holdings
Withdrawn status Lost status Source of classification or shelving scheme Damaged status Not for loan Home library Current library Shelving location Date acquired Source of acquisition Cost, normal purchase price Total Checkouts Full call number Barcode Date last seen Copy number Price effective from Koha item type Uniform Resource Identifier
    Dewey Decimal Classification     HM & Nursing Library HM & Nursing Library Filipiniana 11/23/2016 School Fund 540.90   Fil. 343.599 C116p 2014 51439 07/18/2025 c3 07/18/2025 BK - FIL
    Dewey Decimal Classification     HM & Nursing Library HM & Nursing Library Filipiniana 11/23/2016 School Fund 540.90   Fil. 343.599 C116p 2014 51438 07/18/2025 c2 07/18/2025 BK - FIL
    Dewey Decimal Classification     HM & Nursing Library HM & Nursing Library Filipiniana 11/23/2016 School Fund 540.90   Fil. 343.599 C116p 2014 51437 07/18/2025 c1 07/18/2025 BK - FIL